00709nam a2200241 a 4500001001300000003000900013005001700022008004100039020001000080082001500090100002400105245005500129260004000184300000900224500003500233505001700268650002300285700002400308902000800332942000700340952010500347999001500452nice12345678IN_TiNIC20260116012204.0050524s1954 lona grp 000 0 eng  ac10000a220.7bSHE aShergold, William J aDevotional Commentary on the Shorter Oxford Bible. aLondonbIndependent Press Ltdc1954 a254p aincludes index and biblioraphy2 aBibliography aBible-Commentaries1 aShergold, William J bRHR cBK 001040708REFaHMIbHMIcREFd2007-06-18g100.00l0o220.7 SHEp06967r2007-06-18w2026-01-16yBK c6003d6003